Normal view
MARC view
Entry Término temático
001 - NÚMERO DE CONTROL
- campo de control: 138612
003 - IDENTIFICADOR DEL NÚMERO DE CONTROL
- campo de control: OSt
005 - FECHA Y HORA DE LA ÚLTIMA TRANSACCIÓN
- campo de control: 20220127155857.0
008 - DATOS DE LONGITUD FIJA
- campo de control de longitud fija: 220127|| aca||aabn | a|a d
040 ## - FUENTE DE LA CATALOGACIÓN
- Centro catalogador/agencia de origen: OSt
- Centro/agencia transcriptor: OSt
150 ## - ENCABEZAMIENTO--TÉRMINO DE MATERIA
- Término de materia o nombre geográfico como elemento de entrada: Ganadería
- Subdivisión general: Veracruz I. Instituto Nacional de Investigaciones Forestales y Agropecuarias. México. Centro Estatal de Investigaciones Forestales y Agropecuarias de Veracruz II.t
670 ## - FUENTE DE DATOS ENCONTRADOS
- Cita de la fuente: Work cat.: (OSt)164511: Maranto Riego, Ignacio 71233, Programa ganadero Tepetzintla : IV evaluación anual /, 1987
